[Event "CAN-ch U12"]
[Site "Vancouver"]
[Date "2012.07.04"]
[Round "4"]
[White "Olechko, Nikita"]
[Black "Xu, Jingzhi"]
[Result "0-1"]
[WhiteElo "566"]
[BlackElo "1317"]
[PlyCount "122"]
[EventDate "2012.07.03"]
[EventType "swiss"]
[EventRounds "7"]
[EventCountry "CAN"]
[SourceTitle "EXT 2022"]
[Source "ChessBase"]
[SourceDate "2021.10.06"]
[SourceVersion "1"]
[SourceVersionDate "2021.10.06"]
[SourceQuality "1"]

1. e4 e5 2. Nf3 Nc6 3. Bc4 Bc5 4. 0-0 Nf6 5. Nc3 d6 6. d3 Bg4 7. Bg5 h6 8. Bh4 g5 9. Bg3 Nd4 10. h3 Bh5 11. Nd5 Nxd5 12. Bxd5 c6 13. Bc4 Nxf3+ 14. gxf3 Rg8 15. c3 Qd7 16. Kg2 Bg6 17. d4 exd4 18. cxd4 Bb6 19. Qd2 Bh7 20. Rfe1 h5 21. e5 d5 22. Bd3 Bxd3 23. Qxd3 0-0-0 24. Kh2 h4 25. Bxh4 gxh4 26. b4 Rg7 27. a4 Rdg8 28. Rg1 Rxg1 29. Rxg1 Rxg1 30. Kxg1 Qxh3 31. a5 Bxd4 32. Qxd4 Qxf3 33. Qxa7 Qg4+ 34. Kf1 Qxb4 35. a6 Qb5+ 36. Kg1 Qxa6 37. Qe3 Qc4 38. Qf3 Qe4 39. Qxf7 Qxe5 40. Qg8+ Kd7 41. Qg4+ Qe6 42. Qxh4 Ke8 43. Qh8+ Ke7 44. Qb8 b5 45. Qb6 Kf6 46. Qd4+ Qe5 47. Qh4+ Qg5+ 48. Qxg5+ Kxg5 49. Kf1 Kf4 50. Ke2 b4 51. Kd3 Kf3 52. Kd4 Kxf2 53. Kd3 c5 54. Kd2 c4 55. Kc2 d4 56. Kd2 d3 57. Kc1 c3 58. Kb1 Ke2 59. Kc1 b3 60. Kb1 d2 61. Ka1 d1R# 0-1

[Event "CAN-ch U12"]
[Site "Vancouver"]
[Date "2012.07.04"]
[Round "3"]
[White "Xu, Jingzhi"]
[Black "Cheung, Lukas"]
[Result "0-1"]
[WhiteElo "1317"]
[BlackElo "1429"]
[PlyCount "60"]
[EventDate "2012.07.03"]
[EventType "swiss"]
[EventRounds "7"]
[EventCountry "CAN"]
[SourceTitle "EXT 2022"]
[Source "ChessBase"]
[SourceDate "2021.10.06"]
[SourceVersion "1"]
[SourceVersionDate "2021.10.06"]
[SourceQuality "1"]

1. d4 d5 2. Bf4 Nf6 3. Nc3 c6 4. Nf3 b5 5. a3 e6 6. e3 Nbd7 7. Bd3 Bb7 8. 0-0 a6 9. e4 dxe4 10. Nxe4 c5 11. Nd6+ Bxd6 12. Bxd6 cxd4 13. Nxd4 Nb6 14. Nxb5 axb5 15. Bxb5+ Nbd7 16. Re1 Qb6 17. Qd3 Rd8 18. c4 Ne4 19. c5 Nexc5 20. Qg3 Rg8 21. a4 Ne4 22. Bc7 Qc5 23. Qf4 g5 24. Qf3 Qxc7 25. Rxe4 Bxe4 26. Qxe4 Ke7 27. Re1 Nf6 28. Qe3 Ng4 29. Qh3 Qf4 30. f3 Qd4+ 0-1

[Event "CAN-ch U08"]
[Site "Victoria"]
[Date "2009.07.22"]
[Round "4"]
[White "McCullough, Ian"]
[Black "Xu, Jingzhi"]
[Result "1-0"]
[WhiteElo "969"]
[BlackElo "1040"]
[PlyCount "65"]
[EventDate "2009.07.21"]
[EventType "swiss"]
[EventRounds "7"]
[EventCountry "CAN"]
[SourceTitle "EXT 2011"]
[Source "ChessBase"]
[SourceDate "2010.11.26"]
[SourceVersion "1"]
[SourceVersionDate "2010.11.26"]
[SourceQuality "1"]

1. d4 d5 2. c4 c6 3. Nc3 Nf6 4. Bg5 Bf5 5. Nf3 Nbd7 6. e3 e6 7. c5 b6 8. b4 Be7 9. Be2 0-0 10. 0-0 Qc7 11. Bf4 Qb7 12. Bg5 Rfe8 13. Qa4 b5 14. Qd1 a5 15. a3 a4 16. Ne5 Rad8 17. Nxc6 Qxc6 18. Bxb5 Qc7 19. Bxa4 Ng4 20. Bf4 Qb7 21. c6 Qb6 22. cxd7 Rf8 23. h3 Nf6 24. Rc1 Nxd7 25. Nb5 Rc8 26. Rc3 Rxc3 27. Nxc3 Nf6 28. Qe2 Bxb4 29. axb4 Qxb4 30. Rc1 Rc8 31. Qd2 Ne4 32. Nxe4 Qxd2 33. Rxc8# 1-0